000 00380nam a22001337a 4500
005 20140218171910.0
008 140218b xxu||||| |||| 00| 0 eng d
050 _aPZ4.
_bK2398
100 _aKeane, Fergal
_98749
245 _aLetter to Daniel
_bdespatches from the heart
_cKeane, Fergal
260 _aLondon
_bBBC Books
_c1996
300 _a238p.;
_c20cm.
942 _2lcc
_cMONOGRAPH
999 _c120086
_d120086